Textbook of Cardiothoracic Nursing (Record no. 369699)

MARC details
000 -LEADER
fixed length control field 00469nam a22001697a 4500
005 - DATE AND TIME OF LATEST TRANSACTION
control field 20260108134551.0
008 - FIXED-LENGTH DATA ELEMENTS--GENERAL INFORMATION
fixed length control field 260106b |||||||| |||| 00| 0 eng d
020 ## - INTERNATIONAL STANDARD BOOK NUMBER
International Standard Book Number 978-93-86150-52-3
041 ## - LANGUAGE CODE
Language code of text/sound track or separate title English
082 ## - DEWEY DECIMAL CLASSIFICATION NUMBER
Classification number MS 610.73691 VEN DB1456
100 ## - MAIN ENTRY--PERSONAL NAME
Author Venkatesan B.
245 ## - TITLE STATEMENT
Title Textbook of Cardiothoracic Nursing
260 ## - PUBLICATION, DISTRIBUTION, ETC.
Name of publisher, distributor, etc. Jaypee Brothers Medical Publishers (P) Ltd
Place of publication, distribution, etc. New Delhi
Date of publication, distribution, etc. 2017
300 ## - PHYSICAL DESCRIPTION
Extent 390p
365 ## - TRADE PRICE
Price amount Rs.550.00
942 ## - ADDED ENTRY ELEMENTS (KOHA)
Koha item type Donated Book
Holdings
Withdrawn status Lost status Source of classification or shelving scheme Damaged status Not for loan Home library Current library Shelving location Date acquired Net Price Bill number Total Checkouts Full call number Barcode Date due Date last seen Date last checked out Bill Date Koha item type Original Barcode
    Dewey Decimal Classification     Smt. Bakul Tambat Institute of Nursing Education Smt. Bakul Tambat Institute of Nursing Education Donated Book 08/01/2026 550.00 IK#2025-26#00897 2 MS 610.73691 VEN DB1456 BTIN-DB-1456 06/04/2026 02/03/2026 02/03/2026 08/01/2026 Donated Book DB1456